书目信息 |
| 题名: |
巨峰系葡萄品种特性与栽培
|
|
| 作者: | 杨治元 编著 | |
| 分册: | ||
| 出版信息: | 北京 中国农业出版社 2007 |
|
| 页数: | 252页 | |
| 开本: | 21cm | |
| 丛书名: | ||
| 单 册: | ||
| 中图分类: | S663.1 | |
| 科图分类: | ||
| 主题词: | 葡萄--栽培 , 葡萄 | |
| 电子资源: | ||
| ISBN: | 978-7-109-11535-4 | |
| 000 | 00805nam0 2200241 45 | |
| 001 | 1050762062 | |
| 005 | 20100420093915.81 | |
| 010 | @a978-7-109-11535-4@dCNY18.00 | |
| 100 | @a20100408d2007 ekmy0chiy0120 ea | |
| 101 | 0 | @achi |
| 102 | @aCN@b110000 | |
| 105 | @aa z 000yy | |
| 106 | @ar | |
| 200 | 1 | @a巨峰系葡萄品种特性与栽培@AJu Feng Xi Pu Tao Pin Zhong Te Xing Yu Zai Pei@f杨治元编著@FYang Zhi Yuan Bian Zhu |
| 210 | @a北京@c中国农业出版社@d2007 | |
| 215 | @a252页@c彩图@d21cm | |
| 330 | @a本书内容主要分为两部分:一是巨峰系葡萄植物学性状和生物学特性,分21种性状、特性;二是因品种特性栽培,分13项栽培技术。 | |
| 606 | 0 | @a葡萄@x栽培 |
| 606 | 0 | @a葡萄 |
| 690 | @aS663.1@v4 | |
| 701 | 0 | @a杨治元@AYang Zhi Yuan@4编著 |
| 801 | 0 | @aCN@bTANGWEI@c20100420 |
| 905 | @b0590272-75@dS663.1@e203@f4 | |
| 巨峰系葡萄品种特性与栽培/杨治元编著.-北京:中国农业出版社,2007 |
| 252页:彩图;21cm |
| ISBN 978-7-109-11535-4:CNY18.00 |
| 本书内容主要分为两部分:一是巨峰系葡萄植物学性状和生物学特性,分21种性状、特性;二是因品种特性栽培,分13项栽培技术。 |
| ● |
| 相关链接 |
|
|
|
|
正题名:巨峰系葡萄品种特性与栽培
索取号:S663.1/203
 
预约/预借
| 序号 | 登录号 | 条形码 | 馆藏地/架位号 | 状态 | 备注 |
| 1 | 0590272 | 205902727 | 第二样本阅览室/ [索取号:S663.1/203] | 在馆 | |
| 2 | 0590273 | 205902736 | 第三借阅区/ [索取号:S663.1/203] | 在馆 | |
| 3 | 0590274 | 205902745 | 第三借阅区/ [索取号:S663.1/203] | 在馆 | |
| 4 | 0590275 | 205902754 | 第三借阅区/ [索取号:S663.1/203] | 在馆 |